[Event "EU-Cup 25th"]
[Site "Ohrid"]
[Date "2009.10.09"]
[Round "6.5"]
[White "Ostojic, Nikola"]
[Black "Maros, Milan"]
[Result "1/2-1/2"]
[WhiteElo "2412"]
[BlackElo "2330"]
[PlyCount "39"]
[EventDate "2009.10.04"]
[EventType "team-swiss"]
[EventRounds "7"]
[EventCountry "MKD"]
[SourceTitle "CBM 133"]
[Source "ChessBase"]
[SourceDate "2009.11.19"]
[SourceVersion "1"]
[SourceVersionDate "2009.11.19"]
[SourceQuality "1"]
[WhiteTeam "Belgrade Lasta"]
[BlackTeam "Wien Husek"]
[WhiteTeamCountry "YEM"]
[BlackTeamCountry "AUT"]

1. c4 e5 2. Nc3 d6 3. g3 g6 4. Bg2 Bg7 5. d3 c5 6. a3 Nc6 7. Rb1 Nge7 8. b4 0-0 9. e3 a6 10. Nge2 Rb8 11. bxc5 dxc5 12. 0-0 Bf5 13. Ne4 b6 14. N2c3 Qc7 15. Qc2 Rfd8 16. Nd5 Nxd5 17. cxd5 Bxe4 18. dxe4 Na5 19. h4 b5 20. Qd1 1/2-1/2

[Event "EU-Cup 25th"]
[Site "Ohrid"]
[Date "2009.10.08"]
[Round "5.5"]
[White "Maros, Milan"]
[Black "Mochalov, Evgeny Veniaminovic"]
[Result "1-0"]
[WhiteElo "2330"]
[BlackElo "2428"]
[PlyCount "75"]
[EventDate "2009.10.04"]
[EventType "team-swiss"]
[EventRounds "7"]
[EventCountry "MKD"]
[SourceTitle "CBM 133"]
[Source "ChessBase"]
[SourceDate "2009.11.19"]
[SourceVersion "1"]
[SourceVersionDate "2009.11.19"]
[SourceQuality "1"]
[WhiteTeam "Wien Husek"]
[BlackTeam "Gran Vesnianka"]
[WhiteTeamCountry "AUT"]
[BlackTeamCountry "BLR"]

1. e4 c5 2. Nf3 Nc6 3. d4 cxd4 4. Nxd4 e5 5. Nb5 d6 6. N1c3 a6 7. Na3 b5 8. Nd5 Nge7 9. c4 Nxd5 10. exd5 Nd4 11. cxb5 Be7 12. Bc4 0-0 13. 0-0 f5 14. bxa6 f4 15. Nb5 Nxb5 16. Bxb5 Qb6 17. Bd3 Bxa6 18. Bxa6 Rxa6 19. b3 Qb7 20. a3 Ra5 21. b4 Rxd5 22. Qb3 Kh8 23. f3 Bd8 24. a4 h6 25. Ra2 Bb6+ 26. Kh1 Rb8 27. h3 Ba5 28. b5 Rc8 29. Rc2 Rxc2 30. Qxc2 Rc5 31. Qg6 Qc7 32. Ba3 Rc2 33. Qxd6 Qxd6 34. Bxd6 Ra2 35. Bxe5 Rxa4 36. Ra1 Rxa1+ 37. Bxa1 Kg8 38. Bd4 1-0

[Event "SVK-chT 0809"]
[Site "Slovakia"]
[Date "2009.02.15"]
[Round "9"]
[White "Pacher, Milan"]
[Black "Maros, Milan"]
[Result "1/2-1/2"]
[WhiteElo "2357"]
[BlackElo "2307"]
[PlyCount "69"]
[EventDate "2008.10.25"]
[EventType "team-tourn"]
[EventRounds "11"]
[EventCountry "SVK"]
[SourceTitle "EXT 2019"]
[Source "ChessBase"]
[SourceDate "2018.10.10"]
[SourceVersion "1"]
[SourceVersionDate "2018.10.10"]
[SourceQuality "1"]
[WhiteTeam "Bratislava Slovan"]
[BlackTeam "Nitra"]
[WhiteTeamCountry "SVK"]
[BlackTeamCountry "SVK"]

1. e4 e5 2. Nf3 Nf6 3. d4 Nxe4 4. Bd3 d5 5. Nxe5 Nd7 6. Nxd7 Bxd7 7. 0-0 Bd6 8. Qh5 c6 9. Nc3 Nf6 10. Re1+ Kf8 11. Qh4 Ng4 12. Qxd8+ Rxd8 13. h3 Nf6 14. Ne2 Ne8 15. c3 f6 16. Bf4 Bxf4 17. Nxf4 Nd6 18. Ne6+ Bxe6 19. Rxe6 Kf7 20. Re3 g6 21. Rae1 Rhe8 22. g4 Nc4 23. Rxe8 Rxe8 24. Rxe8 Kxe8 25. b3 Nd6 26. a4 a5 27. f3 Kf7 28. Kf2 h6 29. Ke3 g5 30. c4 Ke7 31. c5 Ne8 32. f4 Nc7 33. f5 Kd8 34. Kd2 Na6 35. Bxa6 1/2-1/2

[Event "SVK-chT 0809"]
[Site "Slovakia"]
[Date "2009.01.17"]
[Round "6"]
[White "Motuz, Karol"]
[Black "Maros, Milan"]
[Result "0-1"]
[WhiteElo "2339"]
[BlackElo "2307"]
[PlyCount "112"]
[EventDate "2008.10.25"]
[EventType "team-tourn"]
[EventRounds "11"]
[EventCountry "SVK"]
[SourceTitle "EXT 2019"]
[Source "ChessBase"]
[SourceDate "2018.10.10"]
[SourceVersion "1"]
[SourceVersionDate "2018.10.10"]
[SourceQuality "1"]
[WhiteTeam "Dubnica nad Vahom"]
[BlackTeam "Nitra"]
[WhiteTeamCountry "SVK"]
[BlackTeamCountry "SVK"]

1. c4 e5 2. a3 Nf6 3. d3 c6 4. Nf3 Bd6 5. g3 Bc7 6. Bg2 0-0 7. 0-0 d5 8. cxd5 cxd5 9. Nc3 d4 10. Nb5 Bb6 11. a4 Nc6 12. Bd2 a5 13. Bg5 h6 14. Bxf6 Qxf6 15. Nd2 Qe7 16. Rc1 Nb4 17. Nc4 Bc5 18. Nba3 Rd8 19. Nb1 Na2 20. Rc2 Nb4 21. Rc1 Na2 22. Rc2 Bd7 23. Rd2 Bb4 24. Nb6 Ra6 25. Nd5 Qd6 26. Nxb4 Qxb4 27. e3 Bxa4 28. Qh5 Re6 29. Bh3 Ree8 30. e4 Bd7 31. f4 Bxh3 32. Qxh3 Qe7 33. Na3 Nb4 34. Nc4 Nc6 35. Rdf2 Rf8 36. Ra1 b5 37. Nxe5 Nxe5 38. fxe5 a4 39. Qh5 Rc8 40. Raf1 Rc5 41. Rf5 g6 42. Qxh6 gxf5 43. exf5 Qxe5 44. Qg5+ Qg7 45. Qe7 Re5 46. Qd6 Rfe8 47. Rf4 Re1+ 48. Kf2 R1e2+ 49. Kf1 Re1+ 50. Kf2 R8e2+ 51. Kf3 Re3+ 52. Kf2 R3e2+ 53. Kf3 Rxh2 54. Rxd4 Rf1+ 55. Ke4 Re2+ 56. Kd5 Rxf5+ 0-1

[Event "SVK-chT 0809"]
[Site "Slovakia"]
[Date "2008.10.26"]
[Round "2"]
[White "Maros, Milan"]
[Black "Jurcik, Marian"]
[Result "1/2-1/2"]
[WhiteElo "2307"]
[BlackElo "2435"]
[PlyCount "70"]
[EventDate "2008.10.25"]
[EventType "team-tourn"]
[EventRounds "11"]
[EventCountry "SVK"]
[SourceTitle "EXT 2019"]
[Source "ChessBase"]
[SourceDate "2018.10.10"]
[SourceVersion "1"]
[SourceVersionDate "2018.10.10"]
[SourceQuality "1"]
[WhiteTeam "Nitra"]
[BlackTeam "Cadca"]
[WhiteTeamCountry "SVK"]
[BlackTeamCountry "SVK"]

1. d4 c5 2. e4 cxd4 3. Nf3 Nc6 4. Nxd4 e6 5. Nc3 a6 6. g3 d6 7. Bg2 Bd7 8. 0-0 Nf6 9. Kh1 Be7 10. f4 Nxd4 11. Qxd4 Bc6 12. Be3 0-0 13. a4 d5 14. exd5 Nxd5 15. Nxd5 Bxd5 16. Bxd5 Bf6 17. Qd2 exd5 18. Bd4 Rc8 19. c3 Bxd4 20. Qxd4 Rc4 21. Qd3 Qa5 22. Rfe1 h6 23. Rad1 Rxa4 24. Qxd5 Qb6 25. Rd2 Ra5 26. Qd4 Qc6+ 27. Kg1 Ra2 28. h4 Qb5 29. Qf2 Re8 30. Rxe8+ Qxe8 31. Qe2 Qc6 32. Qg2 Qb6+ 33. Qf2 Qc6 34. Qg2 Qb6+ 35. Qf2 Qc6 1/2-1/2

[Event "SVK-chT 0809"]
[Site "Slovakia"]
[Date "2008.10.25"]
[Round "1"]
[White "Antoniewski, Rafal"]
[Black "Maros, Milan"]
[Result "1/2-1/2"]
[WhiteElo "2508"]
[BlackElo "2307"]
[PlyCount "65"]
[EventDate "2008.10.25"]
[EventType "team-tourn"]
[EventRounds "11"]
[EventCountry "SVK"]
[SourceTitle "EXT 2019"]
[Source "ChessBase"]
[SourceDate "2018.10.10"]
[SourceVersion "1"]
[SourceVersionDate "2018.10.10"]
[SourceQuality "1"]
[WhiteTeam "Dunajov"]
[BlackTeam "Nitra"]
[WhiteTeamCountry "SVK"]
[BlackTeamCountry "SVK"]

1. e4 e5 2. Bc4 Nf6 3. d3 c6 4. Nf3 Be7 5. 0-0 d6 6. Bb3 0-0 7. c3 Nbd7 8. Re1 h6 9. Nbd2 Re8 10. Nf1 Bf8 11. Ng3 d5 12. Qe2 dxe4 13. dxe4 Nc5 14. Bc2 Qc7 15. h3 Ne6 16. Nh2 Nf4 17. Qf3 g6 18. Ne2 Nxe2+ 19. Rxe2 Qe7 20. Be3 Be6 21. Rd2 Bg7 22. b4 b6 23. Ba4 Rec8 24. Bb3 Rd8 25. Rad1 Rxd2 26. Rxd2 Bxb3 27. axb3 Qe6 28. c4 Bf8 29. Rd3 h5 30. Bg5 Nh7 31. Bd2 Nf6 32. Nf1 a5 33. bxa5 1/2-1/2

[Event "SVK-chT 0708"]
[Site "Slovakia"]
[Date "2008.03.29"]
[Round "10"]
[White "Hagara, Eduard"]
[Black "Maros, Milan"]
[Result "1/2-1/2"]
[WhiteElo "2372"]
[BlackElo "2296"]
[PlyCount "61"]
[EventDate "2007.10.20"]
[EventType "team-tourn"]
[EventRounds "11"]
[EventCountry "SVK"]
[SourceTitle "EXT 2019"]
[Source "ChessBase"]
[SourceDate "2018.10.10"]
[SourceVersion "1"]
[SourceVersionDate "2018.10.10"]
[SourceQuality "1"]
[WhiteTeam "Kezmarok"]
[BlackTeam "Nitra"]
[WhiteTeamCountry "SVK"]
[BlackTeamCountry "SVK"]

1. e4 e5 2. Nf3 Nf6 3. Nxe5 d6 4. Nf3 Nxe4 5. Nc3 Nxc3 6. dxc3 Be7 7. Be3 Nc6 8. Qd2 Bg4 9. 0-0-0 Qd7 10. Be2 0-0-0 11. h3 Bh5 12. Qd5 f5 13. Bb5 Bxf3 14. gxf3 a6 15. Bxc6 Qxc6 16. Qxf5+ Qd7 17. Qg4 Bf6 18. Rd5 Kb8 19. Rhd1 Rhf8 20. f4 Qa4 21. Kb1 Rde8 22. Qh5 Qe4 23. a3 Re7 24. Qg4 Ref7 25. Qg1 g6 26. Qg3 Bg7 27. Qh4 Bf6 28. Qg3 Bg7 29. Qh4 Bf6 30. Qh6 Bg7 31. Qh4 1/2-1/2

[Event "SVK-chT 0708"]
[Site "Slovakia"]
[Date "2008.02.17"]
[Round "9"]
[White "Maros, Milan"]
[Black "Schwarz, Dusan"]
[Result "1/2-1/2"]
[WhiteElo "2296"]
[BlackElo "2284"]
[PlyCount "102"]
[EventDate "2007.10.20"]
[EventType "team-tourn"]
[EventRounds "11"]
[EventCountry "SVK"]
[SourceTitle "EXT 2019"]
[Source "ChessBase"]
[SourceDate "2018.10.10"]
[SourceVersion "1"]
[SourceVersionDate "2018.10.10"]
[SourceQuality "1"]
[WhiteTeam "Nitra"]
[BlackTeam "Modra "]
[WhiteTeamCountry "SVK"]
[BlackTeamCountry "SVK"]

1. d4 Nf6 2. c4 g6 3. Nc3 d5 4. e3 Bg7 5. Bd2 0-0 6. Rc1 c6 7. Nf3 Bg4 8. Qb3 Qb6 9. Qxb6 axb6 10. Ne5 Be6 11. a3 dxc4 12. Bxc4 Bxc4 13. Nxc4 Nbd7 14. Ke2 b5 15. Ne5 Nxe5 16. dxe5 Nd7 17. f4 Nc5 18. Rc2 Ne6 19. Ne4 Rfd8 20. Bb4 Kf8 21. Bc5 Ke8 22. Bb6 Rd5 23. Rhc1 f5 24. Nd2 Ra6 25. Bc5 b6 26. Bb4 c5 27. Bc3 Ra4 28. Nf3 h6 29. g3 Nc7 30. Rd2 e6 31. Rxd5 Nxd5 32. Nd2 Bf8 33. Kf3 Nxc3 34. Rxc3 b4 35. axb4 Rxb4 36. b3 b5 37. Rd3 Be7 38. h3 h5 39. Ke2 g5 40. Kf3 g4+ 41. hxg4 hxg4+ 42. Ke2 c4 43. bxc4 bxc4 44. Rc3 Rb2 45. Rxc4 Bb4 46. Rd4 Ke7 47. Rd3 Ra2 48. Rd4 Bc3 49. Rd3 Bb4 50. Rd4 Bc3 51. Rd3 Bb4 1/2-1/2